000 01374cam a22003377a 4500
001 15764462
005 20100924101650.0
008 090605s2009 maua b 001 0 eng d
010 _a 2009284191
020 _a1596939753
020 _a9781596939752
035 _a(OCoLC)ocn277275437
040 _aYDXCP
_cYDXCP
_dBWX
_dOCLCQ
_dBTCTA
_dDLC
042 _alccopycat
050 0 0 _aTK5103.2
_b.A25 2009
082 0 0 _a621.3981
_222
_bABA
100 1 _aAbate, Zerihun.
_923335
245 1 0 _aWiMax RF Systems Engineering /
_cZerihun Abate.
260 _aBoston :
_bArtech House,2009
_cc2009.
300 _axx, 314 p. :
_bill. ;
_c24 cm.
490 1 _aArtech House Mobile Communications Series
_923334
504 _aIncludes bibliographical references and index.
650 0 _aWireless communication systems.
_923336
650 0 _aBroadband communication systems.
_923337
650 0 _aMobile communication systems.
_923338
653 _bEle
_cApril2011
830 0 _aArtech House mobile communications series.
_923339
942 _2ddc
_cBB
999 _c15179
_d15179